01014nab a22002177a 4500003000400000005001700004008004100021040000700062100002000069245007500089260007300164300001500237500002800252505018900280505008200469650001800551650002500569650002400594700002900618773014900647OSt20251222091451.0190429b xxu||||| |||| 00| 0 spa d cPJ aGerome, Eduardo13aLa estafa por medios informáticos /cEduardo Gerome, Luciana Govoni. cCiudad Autónoma de Buenos Aires :aThomson Reuters La Ley, b2025. ap. 157-164 aCita: AR/DOC/1345/2025. aSumario: I. Introducción.— II. Análisis de la reforma.— III. Derecho comparado.— IV. Acción típica.— V. Perjuicio patrimonial.— VI. Competencia.— VII. Conclusiones. tSi te interesa el texto completo, solicitalo a koha@justierradelfuego.gov.ar  0aDERECHO PENAL 0aDELITOS INFORMATICOS 0aDERECHO INFORMATICO aGovoni, Lucianaecoautor0 02658tRevista de derecho penal y criminología. Nº 6 - Julio 2025dCiudad Autónoma de Buenos Aires : Thomson Reuters La Ley, 2017-x00347914